000 00327nam a22001337a 4500
008 170620b xxu||||| |||| 00| 0 eng d
020 _a9780393932676
041 _aeng
080 _a32
100 _a20
101 _aSHP
245 _aWE T5HE PEOPLE AN INTRODUCTION TO AMERICAN POLITICS
_cGINSBERG.B
942 _2udc
_cBK
999 _c18200
_d18200